书目信息 |
| 题名: |
手性合成
|
|
| 作者: | 林国强 , 孙兴文 , 洪然 著 | |
| 分册: | ||
| 出版信息: | 北京 科学出版社 2018.01 |
|
| 页数: | 696页 | |
| 开本: | 26cm | |
| 丛书名: | ||
| 单 册: | ||
| 中图分类: | O621.3 | |
| 科图分类: | ||
| 主题词: | 不对称有机合成 | |
| 电子资源: | ||
| ISBN: | 978-7-03-055360-7 | |
| 000 | 01728nam0 2200289 450 | |
| 001 | 4405 | |
| 005 | 20181011114306.93 | |
| 010 | @a978-7-03-055360-7@dCNY228.00 | |
| 100 | @a20180412d2018 em y0chiy50 ea | |
| 101 | 0 | @achi |
| 102 | @aCN@b110000 | |
| 105 | @ay az 001yy | |
| 200 | 1 | @a手性合成@9shou xing he cheng@e基础研究与进展@f林国强,孙兴文,洪然著 |
| 210 | @a北京@c科学出版社@d2018.01 | |
| 215 | @a696页@d26cm | |
| 300 | @a国家科学技术学术著作出版基金 | |
| 314 | @a林国强,男,研究员,有机化学家。1964年考入中国科学院上海有机化学研究所,1968年研究生毕业,留所工作至今。2001年当选中国科学院院士。著作《手性药物:研究与评价》等。 | |
| 320 | @a有书目和索引(第693-696页) | |
| 330 | @a本书系统、全面地介绍和讨论了当今有机化学的前沿课题——手性合成即不对称合成方法的基础研究与进展。首先论述不对称合成的基本概念和最新方法学上的诸多亮点,其特色是与最新研究成果保持同步;接着从羰基化合物的不对称-烷基化取代及共轭加成反应开始,相继介绍羰基化合物的对映选择性亲核加成反应、羟醛缩合及烯丙基化等相关反应、不对称成环反应、烯烃的不对称氧化及官能团化反应、不对称催化氢化及其他还原反应、不对称反应方法学在天然产物合成中的应用及对生物催化手性合成反应进行概述。此外,简述其他类型的不对称反应、命名反应和不对称反应催化剂的回收与重复使用。书中列举了近年来金属-配体和有机小分子及离子对催化的不对称反应中最新突出进展,对各种不对称合成途径的优点、值得关注的发展空间以及对不同反应方法等进行探讨,除对所述反应列出最新亮点外,还罗列代表性综述,便于读者查阅。 | |
| 517 | 1 | @a基础研究与进展@9ji chu yan jiu yu jin zhan |
| 606 | 0 | @a不对称有机合成 |
| 690 | @aO621.3@v5 | |
| 701 | 0 | @a林国强@9LIN GUO QIANG@4著 |
| 701 | 0 | @a孙兴文@9sun xing wen@4著 |
| 701 | 0 | @a洪然@9hong ran@4著 |
| 801 | 0 | @aCN@b91MARC@c20180412 |
| 905 | @aMuseLib@dO621.3@e108 | |
| 手性合成:基础研究与进展/林国强,孙兴文,洪然著.-北京:科学出版社,2018.01 |
| 696页;26cm |
| 国家科学技术学术著作出版基金 |
| ISBN 978-7-03-055360-7:CNY228.00 |
| 本书系统、全面地介绍和讨论了当今有机化学的前沿课题——手性合成即不对称合成方法的基础研究与进展。首先论述不对称合成的基本概念和最新方法学上的诸多亮点,其特色是与最新研究成果保持同步;接着从羰基化合物的不对称-烷基化取代及共轭加成反应开始,相继介绍羰基化合物的对映选择性亲核加成反应、羟醛缩合及烯丙基化等相关反应、不对称成环反应、烯烃的不对称氧化及官能团化反应、不对称催化氢化及其他还原反应、不对称反应方法学在天然产物合成中的应用及对生物催化手性合成反应进行概述。此外,简述其他类型的不对称反应、命名反应和不对称反应催化剂的回收与重复使用。书中列举了近年来金属-配体和有机小分子及离子对催化的不对称反应中最新突出进展,对各种不对称合成途径的优点、值得关注的发展空间以及对不同反应方法等进行探讨,除对所述反应列出最新亮点外,还罗列代表性综述,便于读者查阅。 |
| ● |
| 相关链接 |
|
|
|
|
正题名:手性合成
索取号:O621.3/108
 
预约/预借
| 序号 | 登录号 | 条形码 | 馆藏地/架位号 | 状态 | 备注 |
| 1 | 1124959 | 211249594 | 第二样本阅览室/ [索取号:O621.3/108] | 在馆 | |
| 2 | 1124960 | 211249601 | 第三借阅区/ [索取号:O621.3/108] | 在馆 |